000 00437nam a2200181Ia 4500
001 16129
005 20260306170247.0
008 260306t1997||||xx |||||||||||||| ||und||
041 _aESP
082 _a346.9C4
_bP26 V. 1 1997
100 _aRubio Correa, Marcial...[et.al]
_eAUT
245 0 _aPara leer el código civil
260 _c1997
300 _aV. 1
_c20 cm.
650 _aGEN
654 _aCDE
942 _cLIB
_dJUS
_fJUS
_2ddc
_n
999 _c16129
_d16129